000 00364nam a2200145Ia 4500
005 20251222154346.0
008 251222s9999||||xx |||||||||||||| ||spa||
020 _a8488667450
082 _a511.3/A66
100 _aAranda, Joaquín
245 0 _aFundamentos de Lógica Matemática
250 _a1ra.ed.
264 _bEditorial Sanz y Torres, S.L.
942 _cLIB
999 _c34709
_d34709